|
|
|
|
| LEADER |
01698nam a2200289 a 4500 |
| 001 |
17449 |
| 003 |
BD-DhAAL |
| 008 |
090510s1978 nyua b 001 0 eng d |
| 010 |
|
|
|a \\\77026909
|
| 020 |
|
|
|a 0471131318
|
| 040 |
|
|
|a DLC
|c DLC
|d DLC
|d BD-DhAAL
|
| 082 |
0 |
0 |
|a 612.014
|
| 100 |
1 |
|
|a Cameron, J. R.
|q (John Roderick),
|d 1922-
|9 57465
|
| 245 |
1 |
0 |
|a Medical physics /
|c John R. Cameron and James G. Skofronick.
|
| 260 |
|
|
|a New York :
|b Wiley,
|c c1978.
|
| 300 |
|
|
|a xviii, 615 pages :
|b illustrations ;
|c 24 cm
|
| 500 |
|
|
|a "A Wiley-Interscience publication."
|
| 504 |
|
|
|a Includes bibliographical references and index.
|
| 526 |
|
|
|a MNS
|x Mahabobe Shobahani,
Faculty member of BRAC University
Course Name : Medical Physics & Instrumentation (PHY 406)
|
| 541 |
1 |
|
|e 17749, 17710
|a Essence Science Publications
|
| 650 |
|
0 |
|a Medical physics.
|
| 700 |
1 |
|
|a Skofronick, James G.,
|e joint author.
|9 57466
|
| 852 |
4 |
|
|a Ayesha Abed Library
|c General Stacks
|
| 942 |
|
|
|2 ddc
|c BK
|
| 999 |
|
|
|c 536
|d 536
|
| 952 |
|
|
|0 0
|1 0
|2 ddc
|4 0
|6 612_014000000000000_CAM_1978
|7 0
|9 10108
|a BRACUL
|b BRACUL
|c GEN
|d 2010-05-12
|e Essence Science Publications
|g 4177.00
|l 1
|m 15
|o 612.014 CAM
|p 3010017710
|r 2018-01-21
|s 2017-09-19
|t 2
|w 2010-05-12
|y BK
|x Requisitioned by Mahabobe Shobahani (Faculty member of BRAC University) for the course named - "Medical Physics & Instrumentation (PHY 406)".
|
| 952 |
|
|
|0 0
|1 0
|2 ddc
|4 0
|6 612_014000000000000_CAM_1978
|7 0
|9 10109
|a BRACUL
|b BRACUL
|c GEN
|d 2010-05-12
|e Essence Science Publications
|g 4177.00
|l 1
|m 2
|o 612.014 CAM
|p 3010017449
|r 2019-09-11
|s 2019-08-24
|t 1
|w 2010-05-12
|y BK
|x Requisitioned by Mahabobe Shobahani (Faculty member of BRAC University) for the course named - "Medical Physics & Instrumentation (PHY 406)".
|